000 00390 a2200145 4500
001 170014
020 _a
040 _cMagnum
100 _aDeheinzelin, Monique
240 1 0 _aA fome com a vontade de comer: uma proposta curicular de educ. inf.
_lpor
245 1 0 _aA fome com a vontade de comer: uma proposta curicular de educ. inf.
362 0 _a1899
697 _aENSINO
942 _cBK
999 _c170014
_d170014